000 00553nam a2200241Ia 4500
005 20260123164121.0
008 008 260114s9999 xx 000 0 eng d
020 _a9789390464715
037 _aEBOOK
040 _aCRL
040 _beng
040 _cCRL
041 _2eng
041 _aeng
084 _qCRL
100 _aAhuja Et Al.
_91106123
245 0 _aCorporate finance
260 _bPHI
856 _uhttps://elibrary.phindia.com/ebooks/reader/9789390464715
942 _cEBOOK
999 _c1671246
_d1671246